Statistics for famous people

Click here to take the quiz!

General Stats

  • This quiz has been taken 18 times
  • The average score is 2 of 8

Answer Stats

Answer% Correct
Jim Morrison
83%
Graham Hill
67%
Nikita Mazepin
25%
Muhammad asad talas
17%
Sebastien Buemi
17%
Jari Leppä
8%
Alessandro Pittin
0%
Sergey Tkachenko
0%

Score Distribution

Percentile by Number Answered

Percent of People with Each Score

Your Score History

You have not taken this quiz